[Event "Marianske Lazne op"]
[Site "Marianske Lazne"]
[Date "2020.01.21"]
[Round "5"]
[White "Adrian, Claude"]
[Black "Kaushik, G Iyer"]
[Result "1/2-1/2"]
[WhiteElo "2261"]
[BlackElo "1781"]
[PlyCount "33"]
[EventDate "2020.01.18"]
[EventType "swiss"]
[EventRounds "9"]
[EventCountry "CZE"]
[SourceTitle "EXT 2021"]
[Source "ChessBase"]
[SourceDate "2020.10.23"]
[SourceVersion "1"]
[SourceVersionDate "2020.10.23"]
[SourceQuality "1"]

1. Nf3 Nf6 2. c4 e6 3. g3 d5 4. d4 Be7 5. Bg2 0-0 6. 0-0 dxc4 7. Ne5 c5 8. dxc5 Qc7 9. Nxc4 Bxc5 10. Nba3 e5 11. Bg5 Rd8 12. Qb3 Qe7 13. Bxf6 Qxf6 14. Bxb7 Bxb7 15. Qxb7 Nc6 16. Qb5 Bxa3 17. Nxa3 1/2-1/2

[Event "Marianske Lazne op"]
[Site "Marianske Lazne"]
[Date "2020.01.21"]
[Round "4"]
[White "Kaushik, G Iyer"]
[Black "Valenta, Vit"]
[Result "1-0"]
[WhiteElo "1781"]
[BlackElo "2103"]
[PlyCount "55"]
[EventDate "2020.01.18"]
[EventType "swiss"]
[EventRounds "9"]
[EventCountry "CZE"]
[SourceTitle "EXT 2021"]
[Source "ChessBase"]
[SourceDate "2020.10.23"]
[SourceVersion "1"]
[SourceVersionDate "2020.10.23"]
[SourceQuality "1"]

1. d4 Nf6 2. c4 g6 3. Nf3 Bg7 4. g3 0-0 5. Bg2 d6 6. 0-0 Nbd7 7. Nc3 e5 8. e4 c6 9. h3 Re8 10. Re1 a6 11. Be3 b5 12. c5 b4 13. Na4 d5 14. Nxe5 Nxe5 15. dxe5 Nxe4 16. Nb6 Rb8 17. Qa4 Bxe5 18. Qxb4 a5 19. Qa4 Bxb2 20. Rab1 Bc3 21. Red1 Nxg3 22. fxg3 Rxe3 23. Qf4 Re5 24. Rb3 g5 25. Qc1 Bb4 26. a3 Re2 27. axb4 Bxh3 28. Bxh3 1-0

[Event "IND-ch U13 31st"]
[Site "Jalandhar"]
[Date "2017.06.22"]
[Round "2"]
[White "Kaushik, G Iyer"]
[Black "Rathneesh, R."]
[Result "0-1"]
[WhiteElo "1541"]
[BlackElo "1971"]
[PlyCount "92"]
[EventDate "2017.06.21"]
[EventType "swiss"]
[EventRounds "11"]
[EventCountry "IND"]
[SourceTitle "CBM 179 Extra"]
[Source "ChessBase"]
[SourceDate "2017.08.23"]
[SourceVersion "1"]
[SourceVersionDate "2017.08.23"]
[SourceQuality "1"]

1. Nf3 c5 2. c4 Nc6 3. Nc3 g6 4. d4 cxd4 5. Nxd4 Bg7 6. e3 Nf6 7. Be2 0-0 8. Bf3 Ne5 9. Be2 d5 10. cxd5 Nxd5 11. Nxd5 Qxd5 12. 0-0 Rd8 13. Bd2 b6 14. Bc3 Bb7 15. Nf3 Qc5 16. Qb3 Nxf3+ 17. Bxf3 Bxf3 18. gxf3 Qg5+ 19. Kh1 Qh5 20. Kg2 Rd5 21. Rg1 Rg5+ 22. Kf1 Rxg1+ 23. Kxg1 Qxf3 24. Bxg7 Kxg7 25. Qc3+ Kg8 26. Qd4 Rc8 27. Rd1 Rc5 28. Qd8+ Kg7 29. Qd4+ f6 30. h4 Re5 31. Qd7 Rf5 32. Rd2 Qg4+ 33. Kf1 Qh3+ 34. Ke1 Qh1+ 35. Ke2 Qg2 36. Qxe7+ Kh6 37. Ke1 Qg1+ 38. Ke2 Qxf2+ 39. Kd1 Qf1+ 40. Kc2 Rc5+ 41. Qxc5 bxc5 42. a3 f5 43. b3 Qe1 44. Rd3 Qxh4 45. b4 cxb4 46. Rd4 Qf2+ 0-1